00810nam a2200217 i 450000100060000000300090000600500170001500700030003200800410003510000300007624501080010626000390021430000220025349000310027570000370030670000390034383000390038285200320042199900170045395201220047028275ES-MaACL20230906153819.0t|030116s1965 sp ||||1| spa d1 aBalducci, Ernesto.92490513aEl Papa Juan / cErnesto Balducci ; [traducción por Gabriel González Gayo y Mª Flor Gago Alvarez]. aMadrid : bEuroamérica, c[1965] a453 p. ; c19 cm.1 aColección concilio ; v71 aGonzález Gayo, Gabriel.9586691 aGago Alvarez, María Flor.9532330 aColección concilio ; v79182093 aES-MaACLjC-27733 bR.56421 c28275d28275 00104070aATENEOMbATENEOMcDEPO2d2008-01-17eSCl0oC-27733p1029188r2023-02-23 00:00:00w2023-02-23yMONOGRAFIA